Human rights and You /
Contents of this book include: The international Bill of Human rights; Prevention of discrimination; Rights of women; Rights of the child;....
Tallennettuna:
| Aineistotyyppi: | Kirja |
|---|---|
| Kieli: | English |
| Julkaistu: |
USA :
Poland,
1999.
|
| Aiheet: | |
| Tagit: |
Lisää tagi
Ei tageja, Lisää ensimmäinen tagi!
|
| Thư viện lưu trữ: | Mạng thư viện Đại học Đà Nẵng |
|---|
| LEADER | 00896cam a2200325 i 4500 | ||
|---|---|---|---|
| 001 | 000043064 | ||
| 003 | 939 | ||
| 005 | 20030218152546.0 | ||
| 008 | 010217|1999 vm 000 eng | ||
| 022 | |a T | ||
| 040 | |a IRC |c IRC |d IRC | ||
| 041 | 0 | |a eng | |
| 082 | 1 | 4 | |a 323 |b Hu-R |
| 245 | 0 | 0 | |a Human rights and You / |c Frederick Quinn. |
| 260 | |a USA : |b Poland, |c 1999. | ||
| 300 | |a 252p. ; |c 24cm. | ||
| 520 | 3 | |a Contents of this book include: The international Bill of Human rights; Prevention of discrimination; Rights of women; Rights of the child;.... | |
| 630 | 0 | 4 | |a Politics. |
| 630 | 0 | 4 | |a Human rights. |
| 650 | 0 | 4 | |a Human rights and You |x Politics. |
| OWN | |a DUT | ||
| 999 | |a From the UDN01 | ||
| TYP | |a Monograph | ||
| TYP | |a Printed language | ||
| 980 | |a Mạng thư viện Đại học Đà Nẵng | ||